00673nam a2200205 a 45000010005000000030008000050050017000130080041000300350018000710400036000890410008001250820027001332450100001602600065002603000029003255000027003546500028003817000041004097000017004509177BD-RjUL20211208234730.0170516r19631960nyua b 001 0 eng d a(BD-RjUL)9222 aDLC/ICUcICUdDLCdBD-RjULbeng aeng00a541.2242bMOD 196322300aModern coordination chemistry :bprinciples and methods /cEdited by J. Lewis and R.G. Wilkins. aNew York :bInterscience Publishers,cc1960 [Reprinted 1963] a487 p. :bill. ;c24 cm. aIncludes bibliography. 0aCoordination compounds.1 aWilkins, Ralph G.,d1927-ejoint ed.1 aLewis, Jack,